Logo BPK

Bibliografia Prac Pracowników

Politechniki Koszalińskiej

Przestrzenne rozmieszczenie zaplecza przedsiębiorstw budowlanych w miastach / (Rekord nr 4951)

Szczegóły MARC
000 -ETYKIETA REKORDU
podpole kontrolne o stałej długości 01290nab a2200253 i 4500
001 - NUMER KONTROLNY REKORDU
podpole kontrolne BPP
003 - IDENTYFIKATOR NUMERU KONTROLNEGO REKORDU
podpole kontrolne BPK
005 - DATA OSTATNIEJ MODYFIKACJI REKORDU
podpole kontrolne 20150415135036.0
008 - POLE O STAŁEJ DŁUGOŚCI - DANE KONTROLNE
podpole kontrolne o stałej długości 150415s1982 pl | | |000 ||pol
040 ## - ŹRÓDŁO KATALOGOWANIA
Instytucja, która utworzyła rekord BPK
080 ## - UNIWERSALNA KLASYFIKACJA DZIESIĘTNA - UKD
UKD 631.17
080 ## - UNIWERSALNA KLASYFIKACJA DZIESIĘTNA - UKD
UKD 661.15
080 ## - UNIWERSALNA KLASYFIKACJA DZIESIĘTNA - UKD
UKD 502
100 ## - NAZWA OSOBOWA
Nazwa osobowa BERLIŃSKA-WYTYK, Maria.
Lata pracy 1970 - 1996.
Instytucja Wyższa Szkoła Inżynierska w Koszalinie - Instytut Budownictwa Lądowego,
Wydział Zakład Podstaw Projektowania
245 ## - TYTUŁ/ODPOWIEDZIALNOŚĆ
Tytuł Przestrzenne rozmieszczenie zaplecza przedsiębiorstw budowlanych w miastach /
Pozostałe elementy strefy tytułu i oznaczenia odpowiedzialności Maria Berlińska-Wytyk, Bonifacy Malepszy.
260 ## - STREFA ADRESU WYDAWNICZEGO
Data publikacji, dystrybucji/powstania dokumentu 1982.
500 ## - UWAGI OGÓLNE
Tekst uwagi Dane z autopsji.
520 ## - UWAGA DOTYCZĄCA TREŚCI DOKUMENTU
Analiza dokumentacyjna, adnotacja itp. Rozmieszczenie przestrzenne zaplecza produkcyjno-usługowego przedsiębiorstw budowlanych w miastach może odbywać się na zasadzie terenowej decentralizacji (rozproszenie) lub centralizacji (skupienie na wyznaczonej przestrzeni).
650 #0 - HASŁO PRZEDMIOTOWE W FORMIE NAZWY OGÓLNEJ LUB JEDNOSTKOWEJ
Nazwa ogólna lub geograficzna Przedsiębiorstwo budowlane.
650 #0 - HASŁO PRZEDMIOTOWE W FORMIE NAZWY OGÓLNEJ LUB JEDNOSTKOWEJ
Nazwa ogólna lub geograficzna Magazyn.
700 ## - HASŁO DODATKOWE - NAZWA OSOBOWA
Nazwa osobowa MALEPSZY, Bonifacy.
Lata pracy 1971 - 1996.
Instytucja Wyższa Szkoła Inżynierska w Koszalinie - Instytut Budownictwa Lądowego,
Wydział Zakład Ekonomiki i Organizacji Budownictwa
773 ## - TYTUŁ DOKUMENTU MACIERZYSTEGO
Wyrażenie wprowadzające W :
Tytuł Koszalińskie Studia i Materiały. -
Adres wydawniczy Koszalin : Koszaliński Ośrodek Naukowo-Badawczy. -
Informacje dotyczące relacji 1982, nr 1-2 (37-38), s. 63-74
942 ## - HASŁO DODATKOWE - ELEMENTY(KOHA)
Typ dokumentu Artykuł
Schemat klasyfikacji Uniwersalna klasyfikacja dziesiętna
Egzemplarze
Wycofany Zagubiony Uszkodzony Dostępność Lokalizacja stała Lokalizacja bieżąca Sygnatura Typ dokumentu
      Dostępny Bibliografia Prac Pracowników - BPK Bibliografia Prac Pracowników - BPK 0856 Artykuł
© 2014 Biblioteka Politechniki Koszalińskiej :: BIBLIOGRAFIA PRAC PRACOWNIKÓW